Khmer Phrase Book : (Record no. 6677)

MARC details
000 -LEADER
fixed length control field 00920nam a22002177a 4500
001 - CONTROL NUMBER
control field 6677
003 - CONTROL NUMBER IDENTIFIER
control field FISKH
005 - DATE AND TIME OF LATEST TRANSACTION
control field 20250520115544.0
008 - FIXED-LENGTH DATA ELEMENTS--GENERAL INFORMATION
fixed length control field 250520b cb ||||| |||| 00| 0 eng d
020 ## - INTERNATIONAL STANDARD BOOK NUMBER
International Standard Book Number 9789996377235
040 ## - CATALOGING SOURCE
Original cataloging agency FISKH
Language of cataloging eng
Transcribing agency FISKH
Modifying agency FISKH
082 ## - DEWEY DECIMAL CLASSIFICATION NUMBER
Classification number 400
100 ## - MAIN ENTRY--PERSONAL NAME
Personal name Meakphal, Hem
245 ## - TITLE STATEMENT
Title Khmer Phrase Book :
Remainder of title Everyday Phrases Mini-dictionary /
Statement of responsibility, etc. Text by Hem Meakphal
250 ## - EDITION STATEMENT
Edition statement First publication, 2005
260 ## - PUBLICATION, DISTRIBUTION, ETC.
Place of publication, distribution, etc. Phnom Penh :
Name of publisher, distributor, etc. Santepheap Printing House ,
Date of publication, distribution, etc. 2005.
300 ## - PHYSICAL DESCRIPTION
Extent 188 pags :
Other physical details illustrations ;
Dimensions 15 cm .
520 ## - SUMMARY, ETC.
Summary, etc. The Khmer Phrase Book is a practical language guide designed for travelers, expats, or anyone interested in learning basic Khmer (Cambodian). It provides essential vocabulary, commonly used expressions, and pronunciation tips to help users communicate effectively in everyday situations across Cambodia.
942 ## - ADDED ENTRY ELEMENTS (KOHA)
Source of classification or shelving scheme Dewey Decimal Classification
Koha item type Khmer Books
Suppress in OPAC No
Holdings
Withdrawn status Lost status Source of classification or shelving scheme Damaged status Not for loan Collection Home library Current library Shelving location Date acquired Total Checkouts Full call number Barcode Date last seen Price effective from Koha item type
    Dewey Decimal Classification     Khmer-English Bilingual / ភាសាខ្មែរ-អង់គ្លេស Footprints International School Library Network Toul Tom Poung Campus Footprints International School Library Network Toul Tom Poung Campus TTP Secondary Khmer Bookshelves 05/20/2025   MEA 400 FISSE03308 05/20/2025 05/20/2025 Khmer Books